Normal view
MARC view
Entry Topical Term
001 - CONTROL NUMBER
- control field: 11775
003 - CONTROL NUMBER IDENTIFIER
- control field: OSt
005 - DATE AND TIME OF LATEST TRANSACTION
- control field: 20191003055918.0
008 - FIXED-LENGTH DATA ELEMENTS
- fixed length control field: 191003|| aca||aabn | a|a d
040 ## - CATALOGING SOURCE
- Original cataloging agency: OSt
- Transcribing agency: OSt
150 ## - HEADING--TOPICAL TERM
- Topical term or geographic name entry element: Inequality - China
670 ## - SOURCE DATA FOUND
- Source citation: Work cat.: (OSt): Piketty, Thomas 11774, Capital accumulation, private property, and rising inequality in China, 1978-2015
